000 00292nam a22001337a 4500
008 170302b xxu||||| |||| 00| 0 eng d
020 _a9780323009423
041 _aeng
080 _24 ED
_a616.073
100 _a6
101 _aSHM
245 _aHEAD NECK IMAGING
_cSOM,P.M
942 _2udc
_cBK
999 _c6629
_d6629